000 00280nam a2200109Ia 4500
008 200302s9999 xx 000 0 und d
100 _aYu-tung liu Aleppozone
245 _aDemonstrating digital Architecture
260 _bBirchauser Switzerland
260 _c2005
300 _a228 P.,
999 _c5767
_d5767